Statistics for Russian Geography A-Z

Click here to take the quiz!

General Stats

  • This quiz has been taken 122 times
  • The average score is 17 of 25

Answer Stats

HintAnswer% Correct
FFull name of the country: Russian _________Federation
97%
VRussia's "mother" river, the longest in EuropeVolga
96%
UMountain range between Europe and AsiaUrals
96%
GBordering country, fought a war against Russia in 2008Georgia
93%
MThe Third RomeMoscow
89%
SSecond biggest city, capital of the Russian EmpireSaint Petersburg
89%
BSea to the southwest, popular tourist destinationBlack Sea
88%
JCountry that claims some of Russia's Kuril IslandsJapan
87%
EHighest mountain (5,642 m)Elbrus
83%
TWorld's longest railway lineTrans-Siberian Railway
79%
QRussia is the largest importer of this mineral, used in jewelry and watchesQuartz
77%
KPeninsula famous for its volcanoesKamchatka
77%
OLongest river in Russia, 7th in the worldOb
70%
DRiver famous for its CossacksDon
69%
NBiggest city in SiberiaNovosibirsk
69%
PBody of water that forms Russia's eastern boundaryPacific Ocean
63%
ILarge city near the Baikal LakeIrkutsk
63%
ARiver in the Russian Far East, 10th longest in the worldAmur
62%
RLarge city on the banks of DRostov
60%
ZArctic archipelago, site of the biggest nuclear test in history: Novaya _____Zemlya
46%
HCommunist symbol still in use on some federal subjects' flagsHammer and Sickle
43%
CSite of a 2013 meteor explosionChelyabinsk
41%
WArctic sea, the location of the major port of ArkhangelskWhite Sea
39%
YRussian territory larger than Argentina, famous for extremely cold wintersYakutia
30%
LMostly frozen sea in the Arctic OceanLaptev Sea
25%

Score Distribution

Percentile by Number Answered

Percent of People with Each Score

Your Score History

You have not taken this quiz